|
|
|
|
| LEADER |
01266nam a2200325 4500 |
| 001 |
42024 |
| 003 |
BD-DhAAL |
| 008 |
231231r19771974maua bs 001 0 eng d |
| 010 |
|
|
|a 79184297
|
| 020 |
|
|
|a 0669817295
|
| 040 |
|
|
|a DLC
|c DLC
|d DLC
|d BD-DhAAL
|
| 043 |
|
|
|a n-us---
|
| 050 |
0 |
0 |
|a HD82
|b .O93
|
| 082 |
0 |
0 |
|a 338.9
|
| 100 |
1 |
|
|a Owens, Edgar.
|9 55880
|
| 245 |
1 |
0 |
|a Development reconsidered :
|b bridging the gap between government and people /
|c Edgar Owens and Robert Shaw.
|
| 260 |
|
|
|a Lexington, Mass. :
|b Lexington Books,
|c c1974 [sixth printing 1977].
|
| 300 |
|
|
|a xix, 190 pages :
|b illustrations ;
|c 24 cm.
|
| 504 |
|
|
|a Includes bibliographical reference (pages 179-181).
|
| 526 |
|
|
|a ESS
|
| 541 |
|
|
|a Complimentary copy from Professor Dr. Nasreen Khundker
|e 42024
|
| 650 |
|
0 |
|a Economic development.
|
| 650 |
|
0 |
|a Economic policy.
|
| 650 |
|
0 |
|a Economic assistance, American.
|
| 650 |
|
0 |
|a Economics.
|
| 700 |
1 |
|
|a Shaw, Robert,
|e joint author.
|9 55881
|
| 852 |
|
|
|a Ayesha Abed Library
|c General Stacks
|
| 942 |
|
|
|2 ddc
|c BK
|
| 999 |
|
|
|c 46268
|d 46268
|
| 952 |
|
|
|0 0
|1 0
|2 ddc
|4 0
|6 338_900000000000000_OWE
|7 0
|9 74894
|a BRACUL
|b BRACUL
|c GEN
|d 2023-12-31
|e Complimentary copy from Professor Dr. Nasreen Khundker
|l 0
|o 338.9 OWE
|p 3010042024
|r 2023-12-31
|t 1
|w 2023-12-31
|y BK
|